00526nam a2200169 a 4500008004100000020001400041050001500055100003800070245010800108260003400216300001900250350000900269650002900278650001900307650001800326650001200344100119s2003 ||||||||||||||||| || u a012682255 aQC 611 Qua aTakagahara, T. (Toshihide), 1950-10aQuantum coherence, correlation and decoherence in semiconductor nanostructurescedited by T. Takagahara aLondon:bAcademic Pressc2003 axv, 484p.: ill a0.00 aNANOSTRUCTURED MATERIALS aSEMICONDUCTORS 0aNANOPARTICLES 0aPHYSICS